Top 100 Cartoon Network Shows (IMDB) - Statistics

General Stats
  • This quiz has been taken 727 times
    128 since last reset
  • The average score is 7 of 108
Answer Stats
TV Show Year(s) IMDB % Correct
Adventure Time 2010-2018 8.6
69%
Regular Show 2010-2017 8.6
60%
Teen Titans 2003-2006 7.9
56%
The Amazing World of Gumball 2011-2019 8.3
54%
Steven Universe 2013-2019 8.1
53%
Samurai Jack 2001-2004, 2017 8.5
35%
Courage the Cowardly Dog 1999-2002 8.3
33%
Dexter's Laboratory 1996-2003 7.8
25%
We Bare Bears 2014-2019 7.8
23%
Rick and Morty 2013-Present 9.0
21%
Over the Garden Wall 2014 8.7
18%
Dragon Ball 1986-1989 8.5
15%
Dragon Ball Z 1989-1996 8.8
15%
Naruto 2002-2007 8.4
15%
Attack on Titan 2013-2023 9.1
12%
Ben 10: Ultimate Alien 2010-2013 7.8
11%
One Piece 1999-Present 9.0
11%
Bleach 2004-2012 8.2
9%
Scooby-Doo! Mystery Incorporated 2010-2013 8.2
8%
Cowboy Bebop 1998-1999 8.9
7%
Dragon Ball Super 2015-2018 8.3
7%
Star Wars: Clone Wars 2003-2005 7.9
7%
The Boondocks 2005-2014 8.5
7%
Death Note 2006-2007 8.9
6%
Justice League 2001-2004 8.6
6%
Space Ghost Coast to Coast 1994-2008 7.9
6%
Young Justice 2010-2013 8.6
6%
Infinity Train 2019-2021 8.4
5%
Megas XLR 2004-2005 8.2
5%
Adventure Time: Fionna & Cake 2023-Present 8.7
4%
Demon Slayer: Kimetsu no Yaiba 2019 8.6
4%
Dragon Ball Z Kai 2009-2015 8.3
4%
Home Movies 1999-2004 8.2
4%
My Hero Academia 2016-2025 8.2
4%
Naruto: Shippûden 2007-2017 8.7
4%
Sym-Bionic Titan 2010-2011 8.1
4%
The Marvelous Misadventures of Flapjack 2008-2010 7.8
4%
ThunderCats 2011-2012 7.8
4%
Dandadan 2025-2026 8.3
3%
Justice League Unlimited 2004-2006 8.7
3%
Sealab 2021 2001-2005 7.8
3%
The Venture Bros. 2004-2018 8.6
3%
Childrens Hospital 2008-2016 7.8
2%
Dragon Ball Daima 2025-Present 7.8
2%
Dr. Stone 2019 8.1
2%
Fullmetal Alchemist 2003-2004 8.5
2%
Harvey Birdman, Attorney at Law 2001-2007 8.0
2%
Hunter x Hunter 2011-2014 9.0
2%
Kill la Kill 2013-2014 7.8
2%
Metalocalypse 2006-2013 8.3
2%
Neon Genesis Evangelion 1995-1996 8.5
2%
One Punch Man 2015-2019 8.6
2%
Primal 2019-Present 8.6
2%
Sailor Moon 1992-1997 7.8
2%
Summer Camp Island 2018-2023 7.8
2%
The Looney Tunes Show 2011-2014 7.8
2%
Black Clover 2017-2021 8.2
1%
Cardcaptor Sakura 1998-2000 8.0
1%
Final Space 2018-2021 8.2
1%
Fullmetal Alchemist: Brotherhood 2009-2010 9.1
1%
Green Lantern: The Animated Series 2012-2013 8.0
1%
Gurren Lagann 2007 8.3
1%
InuYasha 2000-2004 7.9
1%
JoJo's Bizarre Adventure 2012-2013 8.5
1%
Mike Tyson Mysteries 2014-2020 8.2
1%
Mobile Suit Gundam 1979-1980 7.9
1%
Mobile Suit Gundam Wing 1995-1996 8.0
1%
Moral Orel 2005-2008 8.1
1%
Parasyte: The Maxim 2014-2015 8.2
1%
Rurouni Kenshin 1996-1998 8.5
1%
Samurai Champloo 2004-2005 8.5
1%
Trigun 1998 8.2
1%
Xavier: Renegade Angel 2007-2009 7.9
1%
Assassination Classroom 2015-2016 7.9
0%
Black Lagoon 2006 7.9
0%
Bleach: Thousand Year Blood War 2025-Present 9.0
0%
Check It Out! with Dr. Steve Brule 2010-2016 8.6
0%
Common Side Effects 2025-Present 8.5
0%
Decker 2014-2020 8.2
0%
Detective Conan 1996-2004 8.5
0%
Durarara!! 2010 7.8
0%
Food Wars 2015-2020 8.0
0%
Frisky Dingo 2006-2008 8.1
0%
Ghost in the Shell: Stand Alone Complex 2002-2005 8.5
0%
InuYasha: The Final Act 2009-2010 8.4
0%
Joe Pera Talks with You 2018-2021 8.9
0%
Knights of the Zodiac 1986-1989 8.4
0%
Looney Tunes Cartoons 2019-2023 8.0
0%
Made in Abyss 2022-2023 8.3
0%
Megalo Box 2018 7.8
0%
Million Dollar Extreme Presents: World Peace 2016 8.1
0%
Mission Hill 2002 7.8
0%
Mobile Suit Gundam: Iron-Blooded Orphans 2015-2017 7.9
0%
Mob Psycho 100 2016-2022 8.5
0%
Moribito: Guardian of the Spirit 2007 8.2
0%
Outlaw Star 1998 7.9
0%
Paranoia Agent 2004 8.0
0%
Robotech 1985 8.5
0%
Shaman King 2001-2002 8.0
0%
Space Dandy 2014 8.0
0%
The Eric Andre Show 2012-Present 8.5
0%
The Promised Neverland 2019-2021 8.1
0%
The Shivering Truth 2018-2020 8.0
0%
Tim & Eric's Bedtime Stories 2014-2017 7.8
0%
WOLF'S RAIN 2004 7.9
0%
Your Pretty Face Is Going to Hell 2013-2019 7.8
0%
YuYu Hakusho: Ghost Files 1992-1994 8.5
0%
No matching quizzes found
Score Distribution
Percent of People with Each Score
Percentile by Number Answered
Your Score History
You have not taken this quiz since the last reset